000 00763nam a2200205Ia 4500
001 1041
003 GE_BSU
008 181216s||||||||xx |||||||||||||| ||und||
040 _cGE_BSU
080 _a94(560)
245 _aОсманская империя.Система государственного управления,социальные и анторелигиозные проблемы.
245 _bСборник статей
260 _aМосква
260 _bНаука
260 _c1986
300 _a256стр.
541 _h6л.
653 _aОсманская империя.Система государственного управления,социальные и анторелигиозные проблемы.
942 _cBK
999 _c35195
_d35195